Battle Cats all gross cat variants - Statistics

General Stats
  • This quiz has been taken 9 times
  • The average score is 10 of 36
Answer Stats
Answer % Correct
Gross Cat
100%
Sexy Legs Cat
86%
Crazed Gross Cat
71%
Macho Leg Cat
71%
Brainwashed Gross Cat
57%
Loincloth Cat
57%
Panties Cat
57%
Brainwashed Macho Legs Cat
43%
Brainwashed Sexy Legs Cat
43%
Crazed Sexy Legs Cat
43%
Leaf Cat
43%
Lollycat
43%
Manic Macho Legs
43%
Skirt Cat
43%
Tights Cat
43%
Li'l Gross Cat
29%
Li'l Macho Legs Cat
29%
Li'l Sexy Legs Cat
29%
Cat Princess Beauty
14%
Creepmallow
14%
Gross Koi Cat
14%
Lovely Yuki Cat
14%
Million-Dollar Cat
14%
Bikyakin
0%
Gross White Cat
0%
Hikakin
0%
Hundred-Million-Dollar Cat
0%
Kiss and Koi
0%
Luxury Bath Cat
0%
Mukyakin
0%
Redhead Lovely Yuki Cat
0%
Redhead Muscled Yuki Cat
0%
Sexy Bathtub Cat
0%
Stilts Cat
0%
Stylish Souma Cat
0%
Takuya and Lovely Yuki
0%
No matching quizzes found
Score Distribution
Percent of People with Each Score
Percentile by Number Answered
Your Score History
You have not taken this quiz